| 000 | 00381nam a2200133Ia 4500 | ||
|---|---|---|---|
| 008 | 191014s9999 xx 000 0 und d | ||
| 020 | _a3-540-12004-1 | ||
| 082 |
_a516.36 _bHOP |
||
| 100 |
_aHeinz Hopf Edited by A. Dold _920426 |
||
| 245 | 0 | _aLecture Notes in Mathematics Differential Geometry | |
| 260 |
_aNew York _bSpringer-Verlag _c1983 |
||
| 300 | _aPeg,184 | ||
| 942 | _cBK | ||
| 999 |
_c531008 _d531008 |
||